Olympischer Medaillenspiegel - Segeln - Statistiken

Allgemein
  • Dieses Quiz wurde 24 mal gespielt
  • Das Durchschnittsergebnis liegt bei 11 aus 15
Antwortstatistiken
Gesamt Gold Silber Bronze Land % Korrekt
61 19 23 19 Vereinigte Staaten
100%
15 3 5 7 Deutschland
96%
29 13 8 8 Australien
87%
21 13 5 3 Spanien
87%
49 15 14 20 Frankreich
83%
37 10 14 13 Schweden
78%
31 13 9 9 Dänemark
74%
11 2 2 7 Finnland
74%
64 31 21 12 Großbritannien
74%
15 4 3 8 Italien
74%
32 17 11 4 Norwegen
74%
23 9 8 6 Neuseeland
70%
26 8 9 9 Niederlande
70%
19 8 3 8 Brasilien
52%
12 4 5 3 Sowjetunion
39%
Keine übereinstimmenden Quizze gefunden
Verteilung der Resultate
Anzahl Personen mit jedem Resultat
Perzentil nach korrekt beantworteten Fragen
Ihre Resultats-Entwicklung
Sie haben dieses Quiz noch nicht gespielt